Scrambled 6-letter Words, A-Z - Statistics

General Stats
  • This quiz has been taken 184 times
  • The average score is 21 of 26
Answer Stats
Hint Answer % Correct
ezfnry F Frenzy
94%
jaigsw J Jigsaw
94%
nkinap N Napkin
92%
vletve V Velvet
92%
yebmro E Embryo
90%
leffar R Raffle
89%
hsubam A Ambush
88%
okynem M Monkey
88%
cetdef D Defect
87%
ayorrw Y Yarrow
87%
ibcrsk B Bricks
86%
toclek L Locket
86%
kcilpe P Pickle
83%
lgoapl G Gallop
81%
cusmap C Campus
79%
ekdiyn K Kidney
78%
intaqu Q Quaint
78%
mustbh T Thumbs
78%
htinez Z Zenith
76%
lpsiym S Simply
75%
glcnou U Unclog
65%
prauwm W Warmup
63%
bahcpu H Hubcap
62%
meinta I Inmate
61%
voylre O Overly
59%
lemxsy X Xylems
46%
No matching quizzes found
Score Distribution
Percent of People with Each Score
Percentile by Number Answered
Your Score History
You have not taken this quiz